Beginners guide to jornalism & mass communication / (Record no. 101409)

MARC details
000 -LEADER
fixed length control field 00542nam a22001817a 4500
005 - DATE AND TIME OF LATEST TRANSACTION
control field 20160721124921.0
010 ## - LCCN (DPL NO)
LC control number ENG-115479
020 ## - INTERNATIONAL STANDARD BOOK NUMBER
International Standard Book Number 9789381384527
Terms of availability 295.00
035 ## - SYSTEM CONTROL NUMBER
System control number EN-99011
037 ## - SOURCE OF ACQUISITION
Source of stock number/acquisition DBAD/PUB
082 ## - DEWEY DECIMAL CLASSIFICATION NUMBER
Classification number 070.4
100 ## - MAIN ENTRY--PERSONAL NAME
Personal name Roy Barun
245 ## - TITLE STATEMENT
Title Beginners guide to jornalism & mass communication /
Remainder of title by Barun Roy
260 ## - PUBLICATION, DISTRIBUTION, ETC. (IMPRINT)
Place of publication, distribution, etc New Delhi
Name of publisher, distributor, etc V & S Publishers
Date of publication, distribution, etc 2015
270 ## - ADDRESS
Address F-2/16,Ansari Road,Daryaganj
City New Delhi
Postal code 110002
300 ## - PHYSICAL DESCRIPTION
Extent 216p. :
Dimensions 21cm(pbk)
Other physical details ill
942 ## - ADDED ENTRY ELEMENTS (KOHA)
Source of classification or shelving scheme Dewey Decimal Classification
Item type English Books
Classification part 070.4
Call number suffix ROY
Holdings
Withdrawn status Lost status Not for loan Collection code Home library Current library Date acquired Source of acquisition Cost, normal purchase price Full call number Barcode Copy number Cost, replacement price Koha item type
      Non-fiction Shahdara Branch Shahdara Branch 21/07/2016 DBAD/PUB 295.00 070.4 ROY EN-99011 1 295.00 English Books

© Delhi Public Library
Hit Counter
free hit counter